Public finance (Record no. 159214)
[ view plain ]
| 000 -LEADER | |
|---|---|
| fixed length control field | 00571nam a2200241Ia 4500 |
| 003 - CONTROL NUMBER IDENTIFIER | |
| control field | OSt |
| 005 - DATE AND TIME OF LATEST TRANSACTION | |
| control field | 20230505150707.0 |
| 008 - FIXED-LENGTH DATA ELEMENTS--GENERAL INFORMATION | |
| fixed length control field | 210423s2010 xx 000 0 und d |
| 020 ## - INTERNATIONAL STANDARD BOOK NUMBER | |
| International Standard Book Number | 9788125925309 |
| 040 ## - CATALOGING SOURCE | |
| Transcribing agency | AL |
| 041 ## - LANGUAGE CODE | |
| Language code of text/sound track or separate title | eng |
| 082 ## - DEWEY DECIMAL CLASSIFICATION NUMBER | |
| Classification number | 336 BHAH |
| Edition number | 23 |
| 100 ## - MAIN ENTRY--PERSONAL NAME | |
| Personal name | BHATIA (H L) |
| 9 (RLIN) | 88237 |
| 245 ## - TITLE STATEMENT | |
| Title | Public finance |
| 250 ## - EDITION STATEMENT | |
| Edition statement | 26 |
| 260 ## - PUBLICATION, DISTRIBUTION, ETC. | |
| Place of publication, distribution, etc. | New Delhi |
| Name of publisher, distributor, etc. | Vikas Publications |
| Date of publication, distribution, etc. | 2010 |
| 300 ## - PHYSICAL DESCRIPTION | |
| Extent | xv,759 |
| Other physical details | PB |
| 365 ## - TRADE PRICE | |
| Price amount | 365 |
| Currency code | INR |
| 650 ## - SUBJECT ADDED ENTRY--TOPICAL TERM | |
| Topical term or geographic name entry element | Economics |
| 9 (RLIN) | 88238 |
| 650 ## - SUBJECT ADDED ENTRY--TOPICAL TERM | |
| Topical term or geographic name entry element | Public Finance |
| 9 (RLIN) | 88239 |
| 906 ## - LOCAL DATA ELEMENT F, LDF (RLIN) | |
| a | finance ; Public |
| 942 ## - ADDED ENTRY ELEMENTS (KOHA) | |
| Source of classification or shelving scheme | Dewey Decimal Classification |
| Koha item type | Book |
| Withdrawn status | Lost status | Damaged status | Not for loan | Collection code | Home library | Current library | Date acquired | Source of acquisition | Cost, normal purchase price | Total Checkouts | Full call number | Barcode | Date last seen | Date last checked out | Price effective from | Koha item type | Total Renewals |
|---|---|---|---|---|---|---|---|---|---|---|---|---|---|---|---|---|---|
| Economics | St Aloysius PG Library | St Aloysius PG Library | 01/27/2011 | Higginbothams Pvt Ltd | 365.00 | 2 | 336 BHAH | PG005692 | 01/20/2024 | 01/16/2024 | 04/26/2021 | Book | |||||
| Economics | St Aloysius PG Library | St Aloysius PG Library | 03/09/2011 | Athulya Books | 365.00 | 2 | 336 BHAH | PG005769 | 02/11/2023 | 02/01/2023 | 04/26/2021 | Book | |||||
| Economics | St Aloysius PG Library | St Aloysius PG Library | 03/09/2011 | Athulya Books | 365.00 | 2 | 336 BHAH | PG005770 | 01/23/2026 | 01/02/2026 | 04/26/2021 | Book | 1 | ||||
| Economics | St Aloysius PG Library | St Aloysius PG Library | 03/09/2011 | Athulya Books | 365.00 | 1 | 336 BHAH | PG005771 | 01/06/2026 | 12/10/2025 | 04/26/2021 | Book |